<?xml version="1.0" encoding="UTF-8"?>
<record
    xmlns:xsi="http://www.w3.org/2001/XMLSchema-instance"
    xsi:schemaLocation="http://www.loc.gov/MARC21/slim http://www.loc.gov/standards/marcxml/schema/MARC21slim.xsd"
    xmlns="http://www.loc.gov/MARC21/slim">

  <leader>02274cam a2200277 a 4500</leader>
  <controlfield tag="001">000006495</controlfield>
  <controlfield tag="005">20200929153934.0</controlfield>
  <controlfield tag="008">980417s1997    ck abc        001 0 spa  </controlfield>
  <datafield tag="020" ind1=" " ind2=" ">
    <subfield code="a">9586145832</subfield>
  </datafield>
  <datafield tag="040" ind1=" " ind2=" ">
    <subfield code="a">DO-SdBNP</subfield>
    <subfield code="c">NDD</subfield>
    <subfield code="d">BNPHU</subfield>
  </datafield>
  <datafield tag="082" ind1=" " ind2=" ">
    <subfield code="a">306.8</subfield>
    <subfield code="b">R696s</subfield>
  </datafield>
  <datafield tag="100" ind1="1" ind2=" ">
    <subfield code="a">Rodr&#xED;guez, Pablo,</subfield>
    <subfield code="d">1955-</subfield>
    <subfield code="9">17996</subfield>
  </datafield>
  <datafield tag="245" ind1="1" ind2="0">
    <subfield code="a">Sentimientos y vida familiar en el Nuevo Reino de Granada, siglo XVIII /</subfield>
    <subfield code="c">Pablo Rodr&#xED;guez.</subfield>
  </datafield>
  <datafield tag="260" ind1=" " ind2=" ">
    <subfield code="a">Santa Fe de Bogot&#xE1; :</subfield>
    <subfield code="b">Ariel,</subfield>
    <subfield code="c">1997.</subfield>
  </datafield>
  <datafield tag="300" ind1=" " ind2=" ">
    <subfield code="a">339 p. :</subfield>
    <subfield code="b">il. ;</subfield>
    <subfield code="c">21 cm.</subfield>
  </datafield>
  <datafield tag="490" ind1="1" ind2=" ">
    <subfield code="a">Ariel historia</subfield>
  </datafield>
  <datafield tag="504" ind1=" " ind2=" ">
    <subfield code="a">Bibliograf&#xED;as: p. [325]-339.</subfield>
  </datafield>
  <datafield tag="520" ind1="1" ind2=" ">
    <subfield code="a">"Un estudio valioso de la familia de finales del siglo 18 y la estructura social en las zonas urbanas la Nueva Granada aclara los contornos de la vida dom&#xE9;stica en la colonia. Con datos de Cartagena de Indias, Tunja, Medell&#xED;n y Cali, pero no Bogot&#xE1;, Rodr&#xED;guez bocetos patrones de las fases fundamentales y las instituciones de la vida social: la infancia, vejez, viudez, y el matrimonio, el divorcio y anulaci&#xF3;n. Conclusiones tales como la composici&#xF3;n femenina abrumadora de la viudez, el empleo constante de las personas mayores y la violencia dom&#xE9;stica como la principal causa de divorcio de demostrar el car&#xE1;cter vital de la casa e ilustrar importantes las actitudes sociales en el cuerpo pol&#xED;tico "- Manual de LA valuable study of late-18th-century family and social structure in urban Nueva Granada clarifies contours of domestic life in the colony. Utilizing data from Cartagena de Indias, Tunja, Medellin, and Cali, but not Bogota, Rodriguez sketches patterns of fundamental phases and institutions of social life: childhood, old age, widowhood, and marriage, divorce, and annulment. Conclusions such as the overwhelming feminine makeup of widowhood, the continuing employment of the elderly, and domestic abuse as the principal cause of divorce demonstrate vital character of the home and illustrate important social attitudes within the body politic".</subfield>
  </datafield>
  <datafield tag="650" ind1=" " ind2="4">
    <subfield code="a">Familia</subfield>
    <subfield code="z">Colombia</subfield>
    <subfield code="x">Historia</subfield>
    <subfield code="9">15887</subfield>
  </datafield>
  <datafield tag="650" ind1=" " ind2="4">
    <subfield code="a">Matrimonio</subfield>
    <subfield code="x">Historia</subfield>
    <subfield code="9">17997</subfield>
  </datafield>
  <datafield tag="650" ind1=" " ind2="4">
    <subfield code="a">Ancianos</subfield>
    <subfield code="9">17998</subfield>
  </datafield>
  <datafield tag="650" ind1=" " ind2="4">
    <subfield code="a">Ni&#xF1;os</subfield>
    <subfield code="z">Colombianos</subfield>
    <subfield code="9">17999</subfield>
  </datafield>
  <datafield tag="651" ind1=" " ind2="4">
    <subfield code="a">Colombia</subfield>
    <subfield code="x">Vida Social Y Costumbres</subfield>
    <subfield code="9">18000</subfield>
  </datafield>
  <datafield tag="830" ind1=" " ind2="0">
    <subfield code="a">Ariel historia.</subfield>
    <subfield code="9">9024</subfield>
  </datafield>
  <datafield tag="910" ind1=" " ind2=" ">
    <subfield code="a">Catalogaci&#xF3;n por copia / LC</subfield>
  </datafield>
  <datafield tag="952" ind1=" " ind2=" ">
    <subfield code="0">0</subfield>
    <subfield code="1">0</subfield>
    <subfield code="5">2</subfield>
    <subfield code="7">0</subfield>
    <subfield code="8">MO</subfield>
    <subfield code="a">GR</subfield>
    <subfield code="b">GR</subfield>
    <subfield code="c">CT</subfield>
    <subfield code="d">2009-08-31</subfield>
    <subfield code="i">LF1</subfield>
    <subfield code="l">0</subfield>
    <subfield code="o">306.8 R696s</subfield>
    <subfield code="p">6495-10</subfield>
    <subfield code="r">2020-06-25</subfield>
    <subfield code="w">2020-06-25</subfield>
    <subfield code="y">2</subfield>
    <subfield code="Z">Pr&#xE9;stamo interno</subfield>
  </datafield>
  <datafield tag="999" ind1=" " ind2=" ">
    <subfield code="c">6286</subfield>
    <subfield code="d">6286</subfield>
  </datafield>
</record>
